Statistiken für Torschützenkönige der Bundesliga

Klicken Sie hier um das Quiz zu spielen!

Allgemein

  • Dieses Quiz wurde 1.315 mal gespielt
    (383 seit der letzten Aktualisierung)
  • Das Durchschnittsergebnis liegt bei 35 aus 70

Antwortstatistiken

JahrAntwortVereinTore% Korrekt
2015/16Robert LewandowskiFC Bayern München30
97%
2021/22Robert LewandowskiFC Bayern München35
97%
2017/18Robert LewandowskiFC Bayern München29
97%
2020/21Robert LewandowskiFC Bayern München41
97%
2013/14Robert LewandowskiBorussia Dortmund20
97%
2018/19Robert LewandowskiFC Bayern München22
97%
2019/20Robert LewandowskiFC Bayern München34
97%
2022/23Niclas FüllkrugWerder Bremen16
91%
1973/74Gerd MüllerFC Bayern München30
90%
1971/72Gerd MüllerFC Bayern München40
90%
1972/73Gerd MüllerFC Bayern München36
90%
1969/70Gerd MüllerFC Bayern München38
90%
1968/69Gerd MüllerFC Bayern München30
90%
1966/67Gerd MüllerFC Bayern München28
90%
1977/78Gerd MüllerFC Bayern München24
90%
1976/77Dieter Müller1. FC Köln34
88%
1977/78Dieter Müller1. FC Köln24
88%
2016/17Pierre-Emerick AubameyangBorussia Dortmund31
83%
2022/23Christopher NkunkuRB Leipzig16
80%
2011/12Klaas-Jan HuntelaarFC Schalke 0429
74%
2010/11Mario GómezFC Bayern München28
74%
2012/13Stefan KießlingBayer 04 Leverkusen25
74%
2009/10Edin DžekoVfL Wolfsburg22
72%
2014/15Alex MeierEintracht Frankfurt19
71%
1963/64Uwe SeelerHamburger SV30
71%
2008/09GrafiteVfL Wolfsburg28
68%
2005/06Miroslav KloseWerder Bremen25
65%
2003/04AíltonWerder Bremen28
62%
2007/08Luca ToniFC Bayern München24
62%
2002/03Giovane ÉlberFC Bayern München21
51%
1980/81Karl-Heinz RummeniggeFC Bayern München29
50%
1983/84Karl-Heinz RummeniggeFC Bayern München26
50%
1979/80Karl-Heinz RummeniggeFC Bayern München26
50%
2004/05Marek Mintál1. FC Nürnberg24
44%
2006/07Theofanis GekasVfL Bochum20
43%
1973/74Jupp HeynckesBorussia Mönchengladbach30
38%
1974/75Jupp HeynckesBorussia Mönchengladbach27
38%
1996/97Ulf KirstenBayer 04 Leverkusen22
37%
1997/98Ulf KirstenBayer 04 Leverkusen22
37%
1992/93Ulf KirstenBayer 04 Leverkusen20
37%
2000/01Ebbe SandFC Schalke 0422
36%
1999/00Martin MaxTSV 1860 München19
36%
2001/02Martin MaxTSV 1860 München18
36%
1987/88Jürgen KlinsmannVfB Stuttgart19
34%
1982/83Rudi VöllerWerder Bremen23
34%
1975/76Klaus FischerFC Schalke 0429
33%
1995/96Fredi BobicVfB Stuttgart17
30%
2001/02Márcio AmorosoBorussia Dortmund18
28%
1984/85Klaus Allofs1. FC Köln26
25%
1978/79Klaus AllofsFortuna Düsseldorf22
25%
1988/89Thomas Allofs1. FC Köln17
25%
1998/99Michael PreetzHertha BSC23
24%
2000/01Sergej BarbarezHamburger SV22
24%
1981/82Horst HrubeschHamburger SV27
23%
1993/94Stefan Kuntz1. FC Kaiserslautern18
18%
1985/86Stefan KuntzVfL Bochum22
18%
1993/94Anthony YeboahEintracht Frankfurt18
16%
1992/93Anthony YeboahEintracht Frankfurt20
16%
1966/67Lothar EmmerichBorussia Dortmund28
16%
1965/66Lothar EmmerichBorussia Dortmund31
16%
1994/95Mario BaslerWerder Bremen20
16%
2002/03Thomas ChristiansenVfL Bochum21
16%
1986/87Uwe RahnBorussia Mönchengladbach24
14%
1990/91Roland WohlfarthFC Bayern München22
11%
1988/89Roland WohlfarthFC Bayern München17
11%
1994/95Heiko HerrlichBorussia Mönchengladbach20
9%
1967/68Hannes Löhr1. FC Köln27
8%
1989/90Jørn AndersenEintracht Frankfurt18
5%
1970/71Lothar KobluhnRot-Weiß Oberhausen24
4%
1964/65Rudolf BrunnenmeierTSV 1860 München24
4%

Verteilung der Resultate

Perzentil nach korrekt beantworteten Fragen

Anzahl Personen mit jedem Resultat

Ihre Resultats-Entwicklung

Sie haben dieses Quiz seit der letzten Aktualisierung nicht gespielt